Statistics for Agents of S.H.I.E.L.D Episode Titles

Click here to take the quiz!

General Stats

  • This quiz has been taken 49 times
  • The average score is 39 of 136

Answer Stats

GroupHintAnswer% Correct
G11Pilot
92%
G120-8-4
77%
G16FZZT
69%
G15Girl in the Flower Dress
69%
G14Eye-Spy
62%
G13The Asset
62%
G122Beginning of the End
54%
G116End of the Beginning
54%
G51Orientation Part One
54%
G52Orientation Part Two
54%
G117Turn Turn Turn
54%
G54A Life Earned
46%
G53A Life Spent
46%
G79As I Have Always Been
46%
G217Melinda
46%
G415Self Control
46%
G114T.A.H.I.T.I.
46%
G522The End
46%
G17The Hub
46%
G18The Well
46%
G416What If...
46%
G354722 Hours
38%
G321Absolution
38%
G211Aftershocks
38%
G419All the Madame's Men
38%
G320Emancipation
38%
G66Inescapable
38%
G119Only Light in the Darkness
38%
G121Ragtag
38%
G221S.O.S (Part One)
38%
G222S.O.S (Part Two)
38%
G41The Ghost
38%
G421The Return
38%
G317The Team
38%
G113T.R.A.C.K.S.
38%
G210What They Become
38%
G713What We're Fighting For
38%
G212Who You Really Are
38%
G115Yes Men
38%
G216Afterlife
31%
G25A Hen in the Wolf House
31%
G73Alien Commies from the Future
31%
G518All Roads Lead...
31%
G59Best Laid Plans
31%
G413BOOM
31%
G34Devils You Know
31%
G417Identity and Change
31%
G214Love in the Time of Hydra
31%
G418No Regrets
31%
G120Nothing Personal
31%
G514The Devil Complex
31%
G111The Magical Place
31%
G29...Ye Who Enter Here
31%
G78After, Before
23%
G511All the Comforts of Home
23%
G322Ascension
23%
G75A Trout in the Milk
23%
G33A Wanted Inhu(Man)
23%
G49Broken Promises
23%
G39Closure
23%
G64Code Yellow
23%
G68Collision Course (Part I)
23%
G69Collision Course (Part II)
23%
G47Deals With Our Devils
23%
G319Failed Experiments
23%
G420Farewell, Cruel World!
23%
G63Fear and Loathing on the Planet of Kitson
23%
G218Frenemy of My Enemy
23%
G412Hot Potato Soup
23%
G72Know Your Onions
23%
G31Laws of Nature
23%
G45Lockup
23%
G38Many Heads, One Tale
23%
G310Maveth
23%
G613New Life
23%
G74Out of the Past
23%
G313Parting Shot
23%
G118Providence
23%
G19Repairs
23%
G112Seeds
23%
G315Spacetime
23%
G710Stolen
23%
G110The Bridge
23%
G712The End is at Hand
23%
G46The Good Samaritan
23%
G517The Honeymoon
23%
G312The Inside Man
23%
G48The Laws of Inferno Dynamics
23%
G71The New Deal
23%
G410The Patriot
23%
G512The Real Deal
23%
G318The Singularity
23%
G28The Things We Bury
23%
G77The Totally Excellent Adventures of Mack and the D
23%
G67Toldja
23%
G411Wake Up
23%
G314Watchdogs
23%
G422World's End
23%
G76Adapt or Die
15%
G26A Fractured House
15%
G36Among Us Hide...
15%
G311Bouncing Back
15%
G711Brand New Day
15%
G37Chaos Theory
15%
G24Face My Enemy
15%
G611From the Ashes
15%
G56Fun & Games
15%
G22Heavy is the Head
15%
G516Inside Voices
15%
G610Leap
15%
G44Let Me Stand Next to Your Fire
15%
G23Making Friends and Influencing People
15%
G42Meet the New Boss
15%
G61Missing Pieces
15%
G215One Door Closes
15%
G213One of Us
15%
G316Paradise Lost
15%
G510Past Life
15%
G513Principia
15%
G32Purpose in the Machine
15%
G55Rewind
15%
G515Rise and Shine
15%
G220Scars
15%
G21Shadows
15%
G219The Dirty Half Dozen
15%
G521The Force of Gravity
15%
G58The Last Day
15%
G414The Man Behind The Shield
15%
G520The One Who Will Save Us All
15%
G65The Other Thing
15%
G612The Sign
15%
G27The Writing on the Wall
15%
G57Together or Not at All
15%
G43Uprising
15%
G62Window of Opportunity
15%
G519Option Two
8%

Score Distribution

Percentile by Number Answered

Percent of People with Each Score

Your Score History

You have not taken this quiz